Score 0/20 Timer 02:00
3 Plays Today
Movie Missing Word % Correct
You Don't _____ with the ZohanMess
96.3%
The _____ SingerWedding
94.5%
_____ First Dates50
94.2%
_____ ManagementAnger
89.4%
I Now Pronounce You _____ and LarryChuck
89.1%
Happy _____Gilmore
88.3%
_____ MadisonBilly
86.8%
The _____ YardLongest
86.7%
Eight Crazy _____Nights
80.4%
_____ UpsGrown
80.1%
Movie Missing Word % Correct
Big _____Daddy
76.2%
Punch-Drunk _____Love
70.1%
Mr. _____Deeds
69.6%
_____ StoriesBedtime
61%
_____ PeopleFunny
58%
Little _____Nicky
56.9%
_____ Over MeReign
31.3%
Mixed _____Nuts
15.3%
Shakes the _____Clown
13.4%
Going _____Overboard
6.5%

Today's Daily Dose

Missing Word
I Hardly Know Her!

Word Ladder
Sentence Ending

Quick Pick
Female Firsts

Get the Picture
Triathlon Sports

Remove Ads.
Support Sporcle.
Get the best of Sporcle when you Go Orange. This ad-free experience offers more features, more stats, and more fun while also helping to support Sporcle. Thank you for becoming a member.

You're not logged in!

Compare scores with friends on all Sporcle quizzes.
OR
Log In

Show Comments

Extras

Top Quizzes Today


Score Distribution

Your Account Isn't Verified!

In order to create a playlist on Sporcle, you need to verify the email address you used during registration. Go to your Sporcle Settings to finish the process.

Report this User

Report this user for behavior that violates our Community Guidelines.

Details: